Análisis del ruido producido por el paso de vehículos en carreteras de la Gran Área Metropolitana de Costa Rica
Guardado en:
| Autor principal: | |
|---|---|
| Otros Autores: | |
| Formato: | Libro |
| Lenguaje: | Spanish |
| Publicado: |
San José, Costa Rica
2022
|
| Materias: | |
| Acceso en línea: | https://cedi.ucr.ac.cr/civil/analisis-del-ruido-producido-por-el-paso-de-vehiculos-en-carreteras-de-la-gran-area-metropolitana-de-costa-rica/ |
| Etiquetas: |
Agregar Etiqueta
Sin Etiquetas, Sea el primero en etiquetar este registro!
|
MARC
| LEADER | 00000nam a2200000Ia 4500 | ||
|---|---|---|---|
| 003 | 013420 | ||
| 005 | 20230502141321.0 | ||
| 008 | 140116s2022 cr a 000 ||spa d | ||
| 040 | |c cru CEDI | ||
| 100 | |a Segura Herrera, Andrey Gerardo, 1996- |9 172 | ||
| 245 | |a Análisis del ruido producido por el paso de vehículos en carreteras de la Gran Área Metropolitana de Costa Rica | ||
| 260 | |a San José, Costa Rica |c 2022 | ||
| 500 | |a Proyecto de graduación (licenciatura en ingeniería civil)--Universidad de Costa Rica. Facultad de Ingeniería. Escuela de Ingeniería Civil | ||
| 501 | |a Director de Proyecto de Graduación: Ing. José Pablo Aguiar Moya | ||
| 650 | |x CONTAMINACION POR RUIDO - COSTA RICA |x CONTROL DEL RUIDO - COSTA RICA |x RUIDO POR TRAFICO - MEDICIONES - GRAN AREA METROPOLITANA (COSTA RICA) | ||
| 700 | |9 144 |a Aguiar Moya, José Pablo, 1981- | ||
| 856 | |u https://cedi.ucr.ac.cr/civil/analisis-del-ruido-producido-por-el-paso-de-vehiculos-en-carreteras-de-la-gran-area-metropolitana-de-costa-rica/ |y https://cedi.ucr.ac.cr/civil/analisis-del-ruido-producido-por-el-paso-de-vehiculos-en-carreteras-de-la-gran-area-metropolitana-de-costa-rica/ | ||
| 942 | |c CEDI |h TFG 8571 |2 ddc |6 TFG_8571_000000000000000 | ||
| 999 | |c 21922 |d 21922 | ||
